| 000 | 00684cam a22002177a 4500 | ||
|---|---|---|---|
| 003 | MX-MxUPN | ||
| 005 | 20260326151925.0 | ||
| 008 | 230804s2018 sp|a|||fr|||| 000 0 spa d | ||
| 020 | _a9788499871905 | ||
| 040 |
_aMX-MxUPN _bspa |
||
| 050 | 4 |
_aLB1135 _bF37 2018 |
|
| 100 | 1 |
_949821 _aFarache, Leo, _d1963- |
|
| 245 | 1 | 0 |
_aGestionando adolescentes : _bpropuestas y relatos para disfrutes más educando |
| 250 | _aTercera edición | ||
| 260 |
_aMadrid : _bWolters Kluwer , _c2018. |
||
| 300 |
_a163 páginas : _bilustraciones |
||
| 650 | 4 |
_aEducación de adolescentes _9252 |
|
| 902 |
_aMarielOrtiz/040823 _bVíctorGodínez/220823 |
||
| 942 |
_2lcc _cLIBRO _n0 |
||
| 999 |
_c209955 _d209955 |
||